Patrologia (Record n. 76029)

Dettagli MARC
000 -LEADER
fixed length control field 01711nam a2200325Ia 4500
001 - CONTROL NUMBER
control field E2932
003 - CONTROL NUMBER IDENTIFIER
control field IT-RoPAU
008 - FIXED-LENGTH DATA ELEMENTS--GENERAL INFORMATION
fixed length control field 130308s9999 xx 000 0 und d
040 ## - CATALOGING SOURCE
Original cataloging agency IT-RoPAU
040 ## - CATALOGING SOURCE
Transcribing agency IT-RoPAU
041 ## - LANGUAGE CODE
Language code of text/sound track or separate title ITALIANO
999 ## - SYSTEM CONTROL NUMBERS (KOHA)
Koha Dewey Subclass [OBSOLETE] SI
100 ## - MAIN ENTRY--PERSONAL NAME
Personal name Altaner Berthold
100 ## - MAIN ENTRY--PERSONAL NAME
Miscellaneous information Codice Aut. SPICS: 48286
240 ## - UNIFORM TITLE
Uniform title PATROLOGIE
240 ## - UNIFORM TITLE
Miscellaneous information Codice Tit. Orig. Spics: T3044
245 ## - TITLE STATEMENT
Title Patrologia
245 ## - TITLE STATEMENT
Remainder of title Patrologia
250 ## - EDITION STATEMENT
Edition statement 7a ed.
260 ## - PUBLICATION, DISTRIBUTION, ETC. (IMPRINT)
Place of publication, distribution, etc. CASALE MONFERRATO
260 ## - PUBLICATION, DISTRIBUTION, ETC. (IMPRINT)
Name of publisher, distributor, etc. Marietti
260 ## - PUBLICATION, DISTRIBUTION, ETC. (IMPRINT)
Date of publication, distribution, etc. 1992 [1° Ed.:1968 - Ed.Ling.Originale:1931]
300 ## - PHYSICAL DESCRIPTION
Extent "658 p. (prefazione: 18; testo: 640)"
500 ## - GENERAL NOTE
General note "Introduzione: Significato e importanza della Patrologia, Storia della Patrologia, Bibliografia Sistematica di Studi Recenti. parte I: Letteratura Cristiana Dalla Fine del I Secolo al Principio del Iv: padri Apostolici, Apologisti greci del Ii Secolo, scritti per la Vita delle Comunità del Ii e Iiisecolo, scritti Gnostici e Letteratura Antieretica del Ii Secolo, Apocrificristiani, Letteratura Cristiana Orientali e Occidentali del III Secolo, storici Cronisti Agiografi, Testi Sinodali e Liturgici dell'Antichità Cristiana. parte Ii: Periodo Aureo della Letteratura Patristica dal Concilio di Nicea 325 al Concilio di Calcedonia 451: Scrittori Orientali: Alessandrini ed Egiziani, Scrittori dell'Asia Minore, Scrittori Antiocheni e Siri, Letteratura Siriaca e Armena; Grandi padri e Scrittori dell'Occidente. parte Iii: Fine della Letteratura Patristica: Scrittori Latini e Scrittori Greci. Aggiunta Bibliografica."
650 ## - SUBJECT ADDED ENTRY--TOPICAL TERM
Topical term or geographic name as entry element PASTORALE E CULTURE
650 ## - SUBJECT ADDED ENTRY--TOPICAL TERM
Relator term Codice materia Spics: 9302
942 ## - ADDED ENTRY ELEMENTS (KOHA)
Koha item type LIBRO
957 ## -
-- 1
999 ## - SYSTEM CONTROL NUMBERS (KOHA)
-- 1
Dati di copia
Withdrawn status Lost status Damaged status Not for loan Home library Current library Date acquired Total Checkouts Full call number Date last seen Price effective from Koha item type Public note
    Buone Condizioni Not For Loan SPICS-MEDIATECA SPICS-MEDIATECA 08/03/2013   E2932 08/03/2013 08/03/2013 LIBRO Progressivo inserimento: 59142 / N. Volumi: 1 Copie: 1 Copia Rara: SI / data import: 1 marzo 2013 - By Epidotti, Trombetti, Vaglietti.
CREDITS: SOCIETA' SAN PAOLO Via A.Severo, 58 - ROMA (RM) & PERIODICI SAN PAOLO SRL Via Giotto, 36 MILANO & CISF Via Giotto, 36 MILANO & EDIZIONI SAN PAOLO SRL,  Piazza Soncino, 5 CINISELLO BALSAMO (MI) -- ITALY